000 00918nam a2200253Ia 4500
003 OSt
005 20220923211620.0
006 a|||||r|||| 00| 0
007 ta
008 220922b |||||||| |||| 00| 0 hin d
024 _a12,622
037 _cTextual
040 _aARTS
_cARTS
_bhin
041 _2hin
_ahin
082 _aDelta3:36, 152N1
100 _aप्रियदर्शनाजी
_9161041
245 0 _aजैन साधना पद्वति में ध्यान योग
246 _aJain sādhanā padvati mean dhyān yoga
260 _aअहमदनगर
_b रत्न जैन पुस्तकालय
_c1991
300 _a60,590पृ.
_ccm.
650 _aआध्यात्मिक अनुभव और रहस्यवाद
942 _hDelta3:36, 152N1
_cTEXL
_2CC
999 _c301489
_d301489